Da shāʻir dunyā, (Record no. 67558)

MARC details
000 -LEADER
fixed length control field 00642cam a22002291 4500
001 - CONTROL NUMBER
control field sa 66001030
003 - CONTROL NUMBER IDENTIFIER
control field DLC
005 - DATE AND TIME OF LATEST TRANSACTION
control field 20260227112219.0
008 - FIXED-LENGTH DATA ELEMENTS--GENERAL INFORMATION
fixed length control field 960922s1952 pk 000 0 pusr
010 ## - LIBRARY OF CONGRESS CONTROL NUMBER
LC control number sa 66001030
025 ## - OVERSEAS ACQUISITION NUMBER
Overseas acquisition number PL480:P-Pushto-103
035 ## - SYSTEM CONTROL NUMBER
System control number (OCoLC)35601635
040 ## - CATALOGING SOURCE
Original cataloging agency DLC
Transcribing agency CLU
Modifying agency CLU
-- DLC
042 ## - AUTHENTICATION CODE
Authentication code premarc
050 00 - LIBRARY OF CONGRESS CALL NUMBER
Classification number PK6820.M26
Item number D3
100 1# - MAIN ENTRY--PERSONAL NAME
Personal name Maftūn, Muḥammad Ashraf Khān.
245 10 - TITLE STATEMENT
Title Da shāʻir dunyā,
Statement of responsibility, etc. by Muḥammad Ashrāf Khān Muflūn.
250 ## - EDITION STATEMENT
Edition statement 2nd edition.
260 ## - PUBLICATION, DISTRIBUTION, ETC.
Place of publication, distribution, etc. Pishāwar,
Name of publisher, distributor, etc. Idārah-yi Ishāʻat-i Sarḥad,
Date of publication, distribution, etc. 1952.
300 ## - PHYSICAL DESCRIPTION
Extent 4, 160 p.
Dimensions 21 cm.
500 ## - GENERAL NOTE
General note Poems.

No items available.

Powered by Koha